Leonardo Nierman (Record no. 10520)

MARC details
000 -CABECERA
campo de control de longitud fija 00760nam a2200241 a 4500
001 - NÚMERO DE CONTROL
campo de control BRL_1712
005 - FECHA Y HORA DE LA ÚLTIMA TRANSACCIÓN
campo de control 20190320211332.0
008 - DATOS DE LONGITUD FIJA--INFORMACIÓN GENERAL
campo de control de longitud fija 280514s1967----mx-a######---#000-0#spa-#
041 ## - CÓDIGO DE LENGUA
Código de lengua del texto/banda sonora o título independiente spa
Código de lengua original eng
044 ## - CÓDIGO DEL PAÍS DE LA ENTIDAD EDITORA/PRODUCTORA
Código MARC del país mx
050 #4 - SIGNATURA TOPOGRÁFICA DE LA BIBLIOTECA DEL CONGRESO
Número de clasificación ND259.N5
Número de documento/Ítem .P45 1967
100 1# - ENTRADA PRINCIPAL--NOMBRE DE PERSONA
Nombre de persona Pellicer, Carlos
Fechas asociadas al nombre 1897-1977
9 (RLIN) 4976
245 10 - MENCIÓN DE TÍTULO
Título Leonardo Nierman
Mención de responsabilidad, etc. texto Carlos Pellicer.
260 ## - PUBLICACIÓN, DISTRIBUCIÓN, ETC.
Lugar de publicación, distribución, etc. México
Nombre del editor, distribuidor, etc. Artes de México
Fecha de publicación, distribución, etc. [1967?]
300 ## - DESCRIPCIÓN FÍSICA
Extensión [11] p.
Otras características físicas il. 44 láminas (a color)
Dimensiones 33 cm.
Material acompañante/anejo + 1 disco análogo( 33 1/3 rpm)
500 ## - NOTA GENERAL
Nota general Au200
500 ## - NOTA GENERAL
Nota general Texto en: español e inglés
600 14 - PUNTO DE ACCESO ADICIONAL DE MATERIA--NOMBRE DE PERSONA
Nombre de persona Nierman, Leonardo
Fechas asociadas al nombre 1932
9 (RLIN) 27705
650 14 - PUNTO DE ACCESO ADICIONAL DE MATERIA--TÉRMINO DE MATERIA
Término de materia o nombre geográfico como elemento de entrada Pintores mexicanos
Subdivisión cronológica Siglo XX
9 (RLIN) 265
650 14 - PUNTO DE ACCESO ADICIONAL DE MATERIA--TÉRMINO DE MATERIA
Término de materia o nombre geográfico como elemento de entrada Pintura mexicana contemporánea
Subdivisión cronológica Siglo XX
9 (RLIN) 27706
902 ## - CATALOGADOR
Iniciales GRL
942 ## - ELEMENTOS DE PUNTO DE ACCESO ADICIONAL (KOHA)
Fuente del sistema de clasificación o colocación Library of Congress Classification
Tipo de ítem Koha Libros
Holdings
Estado de retiro Estado de pérdida Estado dañado No para préstamo Localización permanente Ubicación/localización actual Fecha de adquisición Número de inventario Total de préstamos Signatura topográfica completa Código de barras Fecha visto por última vez Precio válido a partir de Tipo de ítem Koha
El ejemplar forma parte de la colección y puede ser consultado según las políticas vigentes.       Biblioteca Centro de Estudios Ruth D. Lechuga Biblioteca Centro de Estudios Ruth D. Lechuga 28/05/2014 Au200   ND259.N5 .P45 1967 (Au200) GRL01878 22/03/2019 22/03/2019 Libros